00228nam a2200097 a 4500001000500000005001700005008004100022050002400063100001900087245002400106414020140414131956.0090218s19uu xx 00 eng d aTR 551.57bG65 2005 aGordon, Sharon aWet/dry. Starter 2.